000 01198nam0a2200325 4500
001 RU\NLR\bibl\1779198
005 20250616134113.0
010 _a978-5-9221-1283-3
_9400
021 _aRU
_b2011-36975
_92638
035 _a(NLR Aleph) 001769958
090 _a1631627
_c1631627
100 _a20110610d2011 |||y0rusy50 ca
101 0 _arus
102 _aRU
105 _aa |||||||||
200 1 _aОптические микрорезонаторы с гигантской добротностью
_fМ.Л. Городецкий
210 _aМосква
_cФизматлит
_d2011
215 _a415 с.
_cил.
_d22
225 1 _aФундаментальная и прикладная физика
320 _aБиблиогр.: с. 379-415 (658 назв.)
606 1 _aРезонаторы диэлектрические
_91029903
_3RU\NLR\auth\66394813
606 1 _aОптические резонаторы
_92086807
_3RU\NLR\auth\661262953
686 _aЗ845.79
700 1 _aГородецкий
_bМ. Л.
_gМихаил Леонидович
_4070
801 0 _aRU
_bNLR
_c20110610
_gRCR
801 1 _aRU
_bNLR
_c20110610
942 _cBOOK
980 _aNB
980 _aNBR